000 00769nam a2200253Ia 4500
003 OSt
005 20220923214153.0
006 a|||||r|||| 00| 0
007 ta
008 220922b |||||||| |||| 00| 0 hin d
024 _a167,598
037 _cTextual
040 _aARTS
_cARTS
_bhin
041 _2hin
_ahin
082 _aO152,1I00x, J4
100 _aकबीरदास
_9156280
245 0 _aगं्रथवाली
246 _aGanrathavālī
260 _aपटना
_b राष्ट्रीय प्रकाशन मंडल
_c1954
300 _a330पृ.
_ccm.
650 _aहिन्दी साहित्य
_9156264
942 _hO152,1I00x, J4
_cTEXL
_2CC
999 _c322068
_d322068